Aus 13 Schußwunden verblutet, so fand man Wilhelm Frey - Förstertragödien und Wildererunwesen im Iser- und Riesengebirge
| Titel: | Aus 13 Schußwunden verblutet, so fand man Wilhelm Frey - Förstertragödien und Wildererunwesen im Iser- und Riesengebirge / Ullrich Junker |
|---|---|
| Verfasser: | |
| In: |
Auf historischer Spurensuche im Bobertal... ; Bd. 3. Seminarband ... der 3. Bobertaltagung 2016, (2018), Seite 897-920 alle Artikel anzeigen |
| Veröffentlicht: | 2018 |
| Format: | Aufsatz |
| Sprache: | Deutsch |
X
alg: 48494404 001A $03025:30-08-21 001B $01999:30-08-21 $t22:31:41.000 001D $03025:30-08-21 001U $0utf8 001X $00 002@ $0Aou 002C $aText $btxt $2rdacontent 002D $aohne Hilfsmittel zu benutzen $bn $2rdamedia 002E $aBand $bnc $2rdacarrier 003@ $0484944045 007A $0484944045 $aHEB 010@ $ager 010E $erda 011@ $a2018 021A $aAus 13 Schußwunden verblutet, so fand man Wilhelm Frey - Förstertragödien und Wildererunwesen im Iser- und Riesengebirge $hUllrich Junker 028A $BVerfasser $4aut $7 $8Junker, Ullrich [Tnd] $9198726295 031A $h897-920 $j2018 037A $aAuch enthalten unter dem Titel: Der letzte Förstermord im Riesengebirge an Wilhelm Frey im Jahre 1877. In: Gruss aus Lomnitz, Nr. 60, 2018, S. 18-22 039B $aEnthalten in $8--Afx--. Auf historischer Spurensuche im Bobertal... ; Bd. 3. Seminarband ... der 3. Bobertaltagung 2016. - Würzburg : Stiftung Kulturwerk Schlesien, 2018. - 811 - 1187 Seiten, [32] ungezählte Seiten. - Illustrationen. - ISBN 978-3-929817-09-6 $x201800000000000103 $9438600185 044K $8Frey, Wilhelm$Z1842-1877 [Tp1] $9484944371 044K $8Karpacz- Wilcza Poręba [Tg3] $9484945319 044K $RSudeten $#Karkonosze $#Krkonoše $74050019-6 $8Riesengebirge [Tg1] $9085139661 044K $RForstberuf $RFörsterin $#foresters $#Forstmann $74329718-3 $8Förster [Ts1] $9088079503 044K $RWilderei $#Poachers $#Braconniers $#Wildschütz $#Wilddieb $74189892-8 $8Wilderer [Ts1] $9085939269 044K $RTötung $RAttentat $RMörder $#Murder $#Meurtre $#Asesinato $#Tötungsdelikt $#Ermordung $#Morde $#Mordtat $74040235-6 $8Mord [Ts1] $9085110094 045F $a340.09 $eDDC23BSB 045F/01 $a340.09 045F/03 $f09034 045F/03 $g4385 045R $aGeschichte 1877 lok: 48494404 78 exp: 48494404 78 1 #EPN 201B/01 $030-08-21 $t10:05:49.000 201C/01 $030-08-21 201U/01 $0utf8 203@/01 $0116713799X 208@/01 $a30-08-21 $be 209A/01 $a/ $f000 $x00 209A/01 $ab*p $x01 209A/01 $aes gibt noch weitere Teile "Förstertragödien": https://theodorfontane.de/2020/06/16/foerstertragoedien-im-iser-und-riesengebirge-2/ sowie https://theodorfontane.de/2020/06/16/foerstertragoedien-im-iser-und-riesengebirge-3/ $x02 220C/01 $apgar 244Z/01 $#Schlesien $#Schlesien $#Herzogtum Schlesien $#Herzogtum Schlesien Schlesien $#Provinz Schlesien $#Śla̜sk $#Slezsko $#Silesia $74052678-1 $8--Tg1--Schlesien $x01 $9085146781 247C/01 $82080>Marburg/Lahn, Herder-Institut, Forschungsbibliothek, Bibliographieportal $9336309341
| LEADER | 00000caa a2200000 c 4500 | ||
|---|---|---|---|
| 001 | 484944045 | ||
| 003 | DE-603 | ||
| 005 | 20210830223141.0 | ||
| 007 | tu | ||
| 008 | 210830s2018 xx |||| | u00||u|ger c | ||
| 035 | |a (DE-599)HEB484944045 | ||
| 040 | |a DE-603 |b ger |c DE-603 |d DE-603 |e rda | ||
| 041 | |a ger | ||
| 082 | 0 | 4 | |8 1\u |a 340.09 |q DE-101 |2 23/BSB |
| 085 | |8 1\u |b 340.09 | ||
| 085 | |8 1\u |z 1 |s 09034 | ||
| 085 | |8 1\u |z 2 |s 4385 | ||
| 100 | 1 | |a Junker, Ullrich |e Verfasser |4 aut |0 (DE-603)198726295 | |
| 245 | 0 | 0 | |a Aus 13 Schußwunden verblutet, so fand man Wilhelm Frey - Förstertragödien und Wildererunwesen im Iser- und Riesengebirge |c Ullrich Junker |
| 264 | 0 | |c 2018 | |
| 336 | |a Text |b txt |2 rdacontent | ||
| 337 | |a ohne Hilfsmittel zu benutzen |b n |2 rdamedia | ||
| 338 | |a Band |b nc |2 rdacarrier | ||
| 500 | |a Auch enthalten unter dem Titel: Der letzte Förstermord im Riesengebirge an Wilhelm Frey im Jahre 1877. In: Gruss aus Lomnitz, Nr. 60, 2018, S. 18-22 | ||
| 600 | 1 | 7 | |a Frey, Wilhelm |d 1842-1877 |0 (DE-588)1240154771 |0 (DE-603)484944371 |2 gnd |
| 648 | 7 | |a Geschichte 1877 |2 gnd | |
| 650 | 7 | |a Förster |0 (DE-588)4329718-3 |0 (DE-603)088079503 |2 gnd | |
| 650 | 7 | |a Wilderer |0 (DE-588)4189892-8 |0 (DE-603)085939269 |2 gnd | |
| 650 | 7 | |a Mord |0 (DE-588)4040235-6 |0 (DE-603)085110094 |2 gnd | |
| 651 | 7 | |a Karpacz- Wilcza Poręba |0 (DE-588)1240157304 |0 (DE-603)484945319 |2 gnd | |
| 651 | 7 | |a Riesengebirge |0 (DE-588)4050019-6 |0 (DE-603)085139661 |2 gnd | |
| 773 | 0 | 8 | |i Enthalten in |t Auf historischer Spurensuche im Bobertal... ; Bd. 3. Seminarband ... der 3. Bobertaltagung 2016 |d Würzburg : Stiftung Kulturwerk Schlesien, 2018 |h 811 - 1187 Seiten, [32] ungezählte Seiten, Illustrationen |z 9783929817096 |g (2018), Seite 897-920 |w (DE-603)438600185 |
| 924 | 0 | |9 2080 |a (DE-603)116713799X |b DE-2080 |c HES |d d |g / | |


